[Event "Leipzig VfB op 21st"]
[Site "Leipzig"]
[Date "2014.03.08"]
[Round "8"]
[White "Kapinos, Lennart"]
[Black "Kielstein, Hans"]
[Result "1/2-1/2"]
[WhiteElo "1647"]
[BlackElo "1908"]
[PlyCount "51"]
[EventDate "2014.03.04"]
[EventType "tourn"]
[EventRounds "9"]
[EventCountry "GER"]
[SourceTitle "CBM 159 Extra"]
[Source "ChessBase"]
[SourceDate "2014.04.24"]
[SourceVersion "1"]
[SourceVersionDate "2014.04.24"]
[SourceQuality "1"]

1. d4 Nf6 2. c4 g6 3. Nc3 Bg7 4. e4 d6 5. f4 c5 6. Be3 cxd4 7. Bxd4 Nc6 8. Nf3 Bg4 9. Be2 0-0 10. Be3 e5 11. fxe5 dxe5 12. h3 Bxf3 13. gxf3 Nh5 14. Qxd8 Rfxd8 15. Nd5 Nf4 16. Kf2 Nxd5 17. cxd5 Nd4 18. Bd3 Rac8 19. Rac1 Kf8 20. Bd2 Ke8 21. Ba5 b6 22. Bd2 Kd7 23. Ba6 Rxc1 24. Rxc1 f5 25. Bb4 Bf8 26. Bd2 1/2-1/2

[Event "Sachsen-ch U16"]
[Site "Sebnitz"]
[Date "2013.04.05"]
[Round "6"]
[White "Kapinos, Lennart"]
[Black "Birkenheuer, Simon"]
[Result "1/2-1/2"]
[WhiteElo "1485"]
[BlackElo "1500"]
[PlyCount "41"]
[EventDate "2013.04.02"]
[EventType "swiss"]
[EventRounds "7"]
[EventCountry "GER"]
[SourceTitle "EXT 2014"]
[Source "ChessBase"]
[SourceDate "2013.11.20"]
[SourceVersion "1"]
[SourceVersionDate "2013.11.20"]
[SourceQuality "1"]

1. d4 e6 2. c4 f5 3. g3 Nf6 4. Bg2 d6 5. Nf3 Be7 6. 0-0 0-0 7. b3 Nbd7 8. Bb2 Qe8 9. Nbd2 Qh5 10. Re1 Rf7 11. e4 Nf8 12. e5 N6d7 13. Nf1 dxe5 14. Nxe5 Qxd1 15. Raxd1 Nxe5 16. Rxe5 Bf6 17. Re2 Ng6 18. f4 c6 19. Ba3 Bd7 20. Bd6 Re8 21. b4 1/2-1/2

[Event "Sachsen-ch U16"]
[Site "Sebnitz"]
[Date "2013.04.05"]
[Round "5"]
[White "Kapinos, Lennart"]
[Black "Fuchs, Sebastian"]
[Result "1/2-1/2"]
[WhiteElo "1485"]
[BlackElo "1627"]
[PlyCount "65"]
[EventDate "2013.04.02"]
[EventType "swiss"]
[EventRounds "7"]
[EventCountry "GER"]
[SourceTitle "EXT 2014"]
[Source "ChessBase"]
[SourceDate "2013.11.20"]
[SourceVersion "1"]
[SourceVersionDate "2013.11.20"]
[SourceQuality "1"]

1. d4 d5 2. c4 e6 3. Nc3 Be7 4. Bf4 c6 5. cxd5 exd5 6. e3 Nf6 7. Qc2 Na6 8. a3 Nc7 9. Bd3 Ne6 10. Bg3 g6 11. Nge2 Ng7 12. f3 0-0 13. 0-0 Re8 14. Rad1 Bd6 15. Bxd6 Qxd6 16. e4 dxe4 17. fxe4 Qd8 18. h3 Ne6 19. Bc4 Rf8 20. e5 Nd7 21. Ne4 Qb6 22. Kh1 Kg7 23. Qd2 Qd8 24. Nf4 Nb6 25. Nxe6+ Bxe6 26. Bxe6 fxe6 27. Ng5 Qe7 28. h4 Nd5 29. g3 h6 30. Ne4 Rf7 31. Nd6 Rff8 32. Qc1 a6 33. Rxf8 1/2-1/2

[Event "Sachsen-ch U16"]
[Site "Sebnitz"]
[Date "2013.04.03"]
[Round "2"]
[White "Kapinos, Lennart"]
[Black "Linnemann, Niklas"]
[Result "0-1"]
[WhiteElo "1485"]
[BlackElo "1965"]
[PlyCount "54"]
[EventDate "2013.04.02"]
[EventType "swiss"]
[EventRounds "7"]
[EventCountry "GER"]
[SourceTitle "EXT 2014"]
[Source "ChessBase"]
[SourceDate "2013.11.20"]
[SourceVersion "1"]
[SourceVersionDate "2013.11.20"]
[SourceQuality "1"]

1. d4 Nf6 2. c4 g6 3. Nc3 d5 4. cxd5 Nxd5 5. e4 Nxc3 6. bxc3 Bg7 7. Nf3 0-0 8. Be3 c5 9. Qd2 Qa5 10. Rc1 Nc6 11. d5 Rd8 12. Bd3 Bg4 13. Ng5 Ne5 14. h3 Bd7 15. Be2 h6 16. Nf3 Nxf3+ 17. Bxf3 Kh7 18. Be2 f5 19. e5 e6 20. f4 exd5 21. Qxd5 Bc6 22. Qf7 Bd5 23. Qe7 Qxa2 24. Qxc5 b6 25. Qe7 Bc4 26. Bxc4 Qxc4 27. Bd4 Rxd4 0-1

[Event "Leipzig VfB op 19th"]
[Site "Leipzig"]
[Date "2012.03.11"]
[Round "9"]
[White "Kapinos, Lennart"]
[Black "Kreyssig, Bruno"]
[Result "0-1"]
[WhiteElo "1456"]
[BlackElo "1741"]
[PlyCount "98"]
[EventDate "2012.03.06"]
[EventType "swiss"]
[EventRounds "9"]
[EventCountry "GER"]
[SourceTitle "CBM 147 Extra"]
[Source "ChessBase"]
[SourceDate "2012.04.24"]
[SourceVersion "1"]
[SourceVersionDate "2012.04.24"]
[SourceQuality "1"]

1. c4 Nf6 2. Nc3 g6 3. g3 Bg7 4. Bg2 0-0 5. Nf3 d6 6. 0-0 c5 7. Rb1 Nc6 8. a3 a5 9. b3 Bf5 10. d3 Qd7 11. Re1 Bh3 12. Bh1 h6 13. Bb2 e6 14. Qc1 Kh7 15. Nb5 e5 16. Nd2 Na7 17. Nc3 Nc6 18. Nb5 Nd4 19. Bxd4 exd4 20. e3 dxe3 21. Rxe3 Ng4 22. Re2 Ne5 23. Qc2 Bg4 24. Re3 h5 25. Ne4 Ra6 26. Nbxd6 Rxd6 27. Nxd6 Qxd6 28. Bxb7 Bf5 29. Bd5 Ng4 30. Re2 Bd4 31. Kg2 Ne5 32. Be4 Bxe4+ 33. Rxe4 Qc6 34. Kf1 f5 35. Ree1 Qh1+ 36. Ke2 Qf3+ 37. Kd2 Qxf2+ 38. Kd1 Qf3+ 39. Kd2 Qf2+ 40. Kd1 Qf3+ 41. Kd2 f4 42. b4 axb4 43. axb4 cxb4 44. Rxb4 Qf2+ 45. Kd1 Qxc2+ 46. Kxc2 f3 47. Rb7+ Kh6 48. h4 f2 49. Rf1 Ng4 0-1

[Event "Sachsen-ch U14"]
[Site "Sebnitz"]
[Date "2011.04.30"]
[Round "7"]
[White "Kapinos, Lennart"]
[Black "Storch, Domenic"]
[Result "0-1"]
[WhiteElo "1482"]
[BlackElo "1303"]
[PlyCount "94"]
[EventDate "2011.04.26"]
[EventType "swiss"]
[EventRounds "7"]
[EventCountry "GER"]
[SourceTitle "EXT 2012"]
[Source "ChessBase"]
[SourceDate "2011.11.24"]
[SourceVersion "1"]
[SourceVersionDate "2011.11.24"]
[SourceQuality "1"]

1. d4 d5 2. c4 c6 3. Nc3 Nf6 4. Bg5 Nbd7 5. cxd5 cxd5 6. e3 e6 7. Bd3 Be7 8. Nge2 0-0 9. Qc2 h6 10. Bh4 a6 11. 0-0 b5 12. f3 Bb7 13. e4 dxe4 14. fxe4 Rc8 15. a3 e5 16. Bxf6 Nxf6 17. d5 Qb6+ 18. Kh1 Ng4 19. Ng3 Ne3 20. Qf2 Bc5 21. Qe2 Nxf1 22. Rxf1 g6 23. Qg4 Kh7 24. Rf3 Bxa3 25. Qh4 Bxb2 26. Rf6 Qe3 27. Nce2 Qxd3 28. Nf5 Rc1+ 29. Ng1 Rxg1+ 30. Kxg1 Bd4+ 31. Nxd4 Qxd4+ 32. Kf1 Qd1+ 33. Kf2 Qd2+ 34. Kf1 Qd3+ 35. Kf2 Qd4+ 36. Kf1 b4 37. Rf3 a5 38. Qe7 Ba6+ 39. Ke1 Qa1+ 40. Kf2 Qa2+ 41. Kg3 Kg8 42. d6 Bc4 43. d7 Qd2 44. Rf6 Qe3+ 45. Kg4 Be2+ 46. Rf3 Bxf3+ 47. gxf3 Qg5+ 0-1

[Event "Sachsen-ch U14"]
[Site "Sebnitz"]
[Date "2011.04.29"]
[Round "5"]
[White "Kapinos, Lennart"]
[Black "Merkel, Toni"]
[Result "1/2-1/2"]
[WhiteElo "1482"]
[BlackElo "1581"]
[PlyCount "48"]
[EventDate "2011.04.26"]
[EventType "swiss"]
[EventRounds "7"]
[EventCountry "GER"]
[SourceTitle "EXT 2012"]
[Source "ChessBase"]
[SourceDate "2011.11.24"]
[SourceVersion "1"]
[SourceVersionDate "2011.11.24"]
[SourceQuality "1"]

1. d4 Nf6 2. c4 g6 3. Nc3 Bg7 4. Bg5 0-0 5. e3 d6 6. Bd3 c5 7. Nf3 cxd4 8. exd4 Nc6 9. Bc2 Bg4 10. Qd2 Re8 11. 0-0-0 Qa5 12. Bh6 Bh8 13. h3 Bxf3 14. gxf3 Nd7 15. Qe3 Nb4 16. Bb1 Rac8 17. a3 Na6 18. Ba2 Nb6 19. Qd3 Qh5 20. Bd2 Nb8 21. Rhg1 Bf6 22. f4 e6 23. Ne4 Be7 24. Kb1 Qf5 1/2-1/2

[Event "Sachsen-ch U14"]
[Site "Sebnitz"]
[Date "2011.04.27"]
[Round "2"]
[White "Reich, Patrick"]
[Black "Kapinos, Lennart"]
[Result "0-1"]
[WhiteElo "1203"]
[BlackElo "1482"]
[PlyCount "60"]
[EventDate "2011.04.26"]
[EventType "swiss"]
[EventRounds "7"]
[EventCountry "GER"]
[SourceTitle "EXT 2012"]
[Source "ChessBase"]
[SourceDate "2011.11.24"]
[SourceVersion "1"]
[SourceVersionDate "2011.11.24"]
[SourceQuality "1"]

1. e4 e6 2. d4 d5 3. e5 c5 4. c3 Nc6 5. Nf3 Qb6 6. Nbd2 cxd4 7. cxd4 Nxd4 8. Nb3 Bb4+ 9. Bd2 Bxd2+ 10. Nfxd2 Nc6 11. Nf3 Nge7 12. Bd3 Bd7 13. 0-0 Nb4 14. Be2 Ng6 15. Re1 Rc8 16. Rc1 0-0 17. a3 Nc6 18. Bd3 Nce7 19. Nfd4 Ba4 20. Bc2 Bxb3 21. Bxb3 Rxc1 22. Qxc1 Qxd4 23. Qg5 Nc6 24. Bc2 Ncxe5 25. Qh5 Rc8 26. Rd1 Qh4 27. Bxg6 Nxg6 28. Qe2 Qc4 29. Qd2 Qc2 30. Qe1 Qxb2 0-1

[Event "Leipzig VfB op 18th"]
[Site "Leipzig"]
[Date "2011.03.25"]
[Round "6"]
[White "Thalwitzer, Bernd"]
[Black "Kapinos, Lennart"]
[Result "1-0"]
[WhiteElo "1771"]
[BlackElo "1465"]
[PlyCount "87"]
[EventDate "2011.03.20"]
[EventType "swiss"]
[EventRounds "9"]
[EventCountry "GER"]
[SourceTitle "CBM 141 Extra"]
[Source "ChessBase"]
[SourceDate "2011.05.03"]
[SourceVersion "1"]
[SourceVersionDate "2011.05.03"]
[SourceQuality "1"]

1. e4 e6 2. Qe2 Nc6 3. Nf3 Nf6 4. d3 d5 5. e5 Nd7 6. d4 f6 7. c3 Be7 8. Bf4 0-0 9. Qc2 fxe5 10. Bxe5 Ndxe5 11. dxe5 Bd7 12. Bd3 h6 13. Nbd2 Bc5 14. Nb3 Bb6 15. 0-0 Be8 16. Rac1 Bh5 17. Nbd4 Bxd4 18. Nxd4 Qe7 19. Rce1 Rae8 20. Re3 Qg5 21. Nxc6 bxc6 22. Be2 Bxe2 23. Qxe2 Qe7 24. Rg3 Rf5 25. Rg4 Qc5 26. Qd2 Kh8 27. Re1 Ref8 28. Re2 Qa5 29. b3 Qc5 30. Ra4 a5 31. Qd4 Qxd4 32. cxd4 Ra8 33. Rc2 Ra6 34. Rc5 Rf4 35. f3 Kg8 36. Kf2 Rh4 37. h3 Kf7 38. Ke3 Ke7 39. Rcxa5 Rxa5 40. Rxa5 Rh5 41. Ra8 Rg5 42. g4 h5 43. h4 Rg6 44. g5 1-0

[Event "Leipzig VfB op 18th"]
[Site "Leipzig"]
[Date "2011.03.23"]
[Round "3"]
[White "Kapinos, Lennart"]
[Black "Angrick, Philipp"]
[Result "1-0"]
[WhiteElo "1465"]
[BlackElo "1837"]
[PlyCount "45"]
[EventDate "2011.03.20"]
[EventType "swiss"]
[EventRounds "9"]
[EventCountry "GER"]
[SourceTitle "CBM 141 Extra"]
[Source "ChessBase"]
[SourceDate "2011.05.03"]
[SourceVersion "1"]
[SourceVersionDate "2011.05.03"]
[SourceQuality "1"]

1. d4 d5 2. c4 e6 3. Nc3 f5 4. Bf4 c6 5. e3 Nf6 6. Bd3 Be7 7. Nge2 0-0 8. Qc2 Nbd7 9. 0-0-0 a6 10. h3 Nb6 11. b3 dxc4 12. bxc4 Nbd7 13. g4 fxg4 14. hxg4 Ba3+ 15. Kd2 h6 16. g5 hxg5 17. Bxg5 Be7 18. Nf4 Ne4+ 19. Nxe4 Bxg5 20. Nxe6 Qa5+ 21. Ke2 Bh6 22. Nxf8 Nxf8 23. Rdg1 1-0